International conflict management / (Record no. 16352)

000 -LEADER
fixed length control field 01212cam a2200349 a 4500
001 - CONTROL NUMBER
control field 15487725
005 - DATE AND TIME OF LATEST TRANSACTION
control field 20170105102938.0
008 - FIXED-LENGTH DATA ELEMENTS--GENERAL INFORMATION
fixed length control field 081017s2009 nyuab b 001 0 eng
010 ## - LIBRARY OF CONGRESS CONTROL NUMBER
LC control number 2008044651
020 ## - INTERNATIONAL STANDARD BOOK NUMBER
International Standard Book Number 041577229X (hbk.)
020 ## - INTERNATIONAL STANDARD BOOK NUMBER
International Standard Book Number 0415772303 (pbk)
020 ## - INTERNATIONAL STANDARD BOOK NUMBER
International Standard Book Number 0203879155 (ebk.)
020 ## - INTERNATIONAL STANDARD BOOK NUMBER
International Standard Book Number 9780415772297 (hbk.)
020 ## - INTERNATIONAL STANDARD BOOK NUMBER
International Standard Book Number 9780415772303 (pbk.)
020 ## - INTERNATIONAL STANDARD BOOK NUMBER
International Standard Book Number 9780203879153 (ebk.)
035 ## - SYSTEM CONTROL NUMBER
System control number (OCoLC)ocn263146952
040 ## - CATALOGING SOURCE
Original cataloging agency DLC
Transcribing agency DLC
Modifying agency BWKUK
-- BWK
-- YDXCP
-- BWX
-- CDX
-- DLC
050 00 - LIBRARY OF CONGRESS CALL NUMBER
Classification number JZ6374
Item number .B88 2009
082 00 - DEWEY DECIMAL CLASSIFICATION NUMBER
Classification number 327.172
Edition number 22
Author Mark BUT 2009
100 1# - MAIN ENTRY--PERSONAL NAME
Personal name Butler, Michael J.,
Dates associated with a name 1972-
245 10 - TITLE STATEMENT
Title International conflict management /
Statement of responsibility, etc. Michael J. Butler.
260 ## - PUBLICATION, DISTRIBUTION, ETC.
Place of publication, distribution, etc. London ;
-- New York :
Name of publisher, distributor, etc. Routledge,
Date of publication, distribution, etc. 2009.
300 ## - PHYSICAL DESCRIPTION
Extent xv, 288 p. :
Other physical details ill., maps ;
Dimensions 26 cm.
504 ## - BIBLIOGRAPHY, ETC. NOTE
Bibliography, etc. note Includes bibliographical references (p. [259]-275) and index.
650 #0 - SUBJECT ADDED ENTRY--TOPICAL TERM
Topical term or geographic name entry element Peacekeeping forces.
650 #0 - SUBJECT ADDED ENTRY--TOPICAL TERM
Topical term or geographic name entry element Conflict management.
650 #0 - SUBJECT ADDED ENTRY--TOPICAL TERM
Topical term or geographic name entry element Peace-building.
650 #0 - SUBJECT ADDED ENTRY--TOPICAL TERM
Topical term or geographic name entry element War
General subdivision Prevention.
906 ## - LOCAL DATA ELEMENT F, LDF (RLIN)
a 7
b cbc
c orignew
d 1
e ecip
f 20
g y-gencatlg
942 ## - ADDED ENTRY ELEMENTS (KOHA)
Source of classification or shelving scheme
Koha item type Book
Holdings
Withdrawn status Lost status Damaged status Not for loan Collection code Permanent Location Current Location Shelving location Date acquired Total Checkouts Full call number Barcode Date last seen Price effective from Koha item type
          Centre for International Peace & Stability (CIPS) Centre for International Peace & Stability (CIPS) General Stacks 03/30/2016   327.172 BUT 2009 CIPS0002699 03/30/2016 03/30/2016 Book
© 2023 Central Library, National University of Sciences and Technology. All Rights Reserved.